| 000 | 00000nam 2200000zi 4500 |
| 001 | 9.939908 |
| 003 | CaOODSP |
| 005 | 20240702072917 |
| 006 | m o d f |
| 007 | cr bn||||||||| |
| 008 | 240627t19821982quca ob f000 0 fre d |
| 020 | |z0662916816 |q(incorrect) |
| 040 | |aCaOODSP|bfre|erda|cCaOODSP |
| 041 | 0 |afre|bfre|beng |
| 043 | |an-cn-ab |
| 043 | |ax7x8 |
| 086 | 1 |aEn42-1/82-1F-PDF |
| 086 | 1 |aEn43-4/82-1F|zEn43-3/80-5F |
| 245 | 10|aÉvaluation du procédé d'électrocoagulation ''Lectro Clear Z" pour l'épuration des eaux résiduaires de salaisons-conserveries / |cWestern Industrial Laboratories Limited, Edmonton (Alberta). |
| 264 | 1|aHull (Québec), Canada : |bEnvironnement Canada, Service de la protection de l'environnement = Environment Canada, Environmental Protection Service, |c1982. |
| 264 | 4|c©1982 |
| 300 | |a1 ressource en ligne (xi, 78 pages) : |billustrations. |
| 336 | |atexte|btxt|2rdacontent/fre |
| 337 | |ainformatique|bc|2rdamedia/fre |
| 338 | |aressource en ligne|bcr|2rdacarrier/fre |
| 490 | 1 |aLes rapports du Service de la protection de l'environnement = |aEnvironmental Protection Service report series |
| 500 | |aPublié aussi en anglais sous le titre : Evaluation of the "Lectro Clear Z" electrocoagulation process for meat packing wastewater treatment. |
| 500 | |a« Direction générale de la pollution des eaux, Service de la protection de l'environnement, Environnement Canada. » |
| 500 | |a« Rapport EPS 4-WP-82-1F. » |
| 500 | |a« Technologie, rapport EPS 4-WP-82-1F » -- Couverture. |
| 500 | |a« Direction générale de la lutte contre la pollution des eaux, juillet 1982 » -- Couverture. |
| 500 | |aÉdition numérisée de l'imprimé [par Environnement et changement climatique Canada]. |
| 504 | |aComprend des références bibliographiques. |
| 546 | |aComprend des résumés en français et en anglais. |
| 650 | 6|aEaux usées|xÉpuration|xFloculation|zAlberta|zLethbridge|xÉvaluation. |
| 650 | 6|aEaux usées|xÉpuration|xFlottation|zAlberta|zLethbridge|xÉvaluation. |
| 650 | 6|aConserveries de viande|xDéchets|xÉlimination|xAspect de l'environnement|zAlberta|zLethbridge. |
| 710 | 1 |aCanada. |bService de la protection de l'environnement, |eorganisme de publication. |
| 710 | 1 |aCanada.|bDirection générale de la lutte contre la pollution des eaux, |eorganisme de publication. |
| 710 | 2 |aWestern Industrial Laboratories (Edmonton, Alta.), |econsultant. |
| 775 | 08|tEvaluation of the "Lectro Clear Z" electrocoagulation process for meat packing wastewater treatment / |w(CaOODSP)9.939907 |
| 830 | #0|aSérie de rapports du Service de la protection de l'environnement.|w(CaOODSP)9.866045 |
| 856 | 40|qPDF|s2.60 Mo|uhttps://publications.gc.ca/collections/collection_2024/eccc/en42/En42-1-82-1-fra.pdf |